LIBRARY ONLINE CATALOGUE

Schaum's outline of theory and problems of partial differential equations / (Record no. 11922)

MARC details
000 -LEADER
fixed length control field 00903cam a22002532 4500
001 - CONTROL NUMBER
control field 0000004219
005 - DATE AND TIME OF LATEST TRANSACTION
control field 20151217155208.0
008 - FIXED-LENGTH DATA ELEMENTS--GENERAL INFORMATION
fixed length control field 070521s xx 000 0 eng d
020 ## - INTERNATIONAL STANDARD BOOK NUMBER
International Standard Book Number 0070178976 :
Terms of availability KES,964
040 ## - CATALOGING SOURCE
Original cataloging agency KABU
Transcribing agency KABU
050 #0 - LIBRARY OF CONGRESS CALL NUMBER
Classification number QA374
Item number .D83 1986
100 1# - MAIN ENTRY--PERSONAL NAME
Personal name DuChateau, Paul.
-- 0000154673
245 10 - TITLE STATEMENT
Title Schaum's outline of theory and problems of partial differential equations /
Statement of responsibility, etc. Paul DuChateau and David W. Zachmann.
246 3# - VARYING FORM OF TITLE
Title proper/short title Partial differential equations
246 3# - VARYING FORM OF TITLE
Title proper/short title Theory and problems of partial differential equations
260 ## - PUBLICATION, DISTRIBUTION, ETC. (IMPRINT)
Place of publication, distribution, etc. New York :
Name of publisher, distributor, etc. McGraw-Hill,
Date of publication, distribution, etc. c1986.
300 ## - PHYSICAL DESCRIPTION
Extent 241 p. :
Other physical details ill. ;
Dimensions 28 cm.
440 #0 - SERIES STATEMENT/ADDED ENTRY--TITLE
Title Schaum's outline series
-- 0000154153
650 #0 - SUBJECT ADDED ENTRY--TOPICAL TERM
Topical term or geographic name as entry element Differential equations, Partial.
-- 0000154660
700 1# - ADDED ENTRY--PERSONAL NAME
Personal name Zachmann, David W.
-- 0000154674
908 ## - PUT COMMAND PARAMETER (RLIN)
Put command parameter 070521
950 ## - LOCAL HOLDINGS (RLIN)
-- 1
Holdings
Withdrawn status Lost status Source of classification or shelving scheme Not for loan Home library Current library Date acquired Total Checkouts Total Renewals Full call number Barcode Date last seen Date last checked out Price effective from Koha item type
    Library of Congress Classification   Kabarak, Main Campus Kabarak, Main Campus 17/12/2015 10 3 QA374 .D83 1986 008685 23/10/2023 16/10/2023 17/12/2015 General Collection